000 00977nam a2200277 a 4500
001 000028707
003 DO-SdBNP
005 20210506122915.0
008 110411s1991 dr ab 001 0 spa d
040 _aBPMSU
_bspa
_cBPMSU
049 _a
082 4 _a303.729307291
_bD473o 1991
_222
100 1 _aDespradel, Fidelio
_d1937-
245 1 0 _aOperación verdad :
_bde héroes y traidores /
_cFidelio Despradel
250 _a2a. ed.
260 _aSanto Domingo :
_bAlfa & Omega,
_c1991
300 _a238, [12] p. :
_bils., retrs. ;
_c21 cm.
500 _aIncluye referencias bibliográficas y notas al pie de las páginas.
590 _6Inventariado, 2021/VM
650 4 _aLuchas sociales
_zRepública Dominicana
650 4 _aLuchas sociales
_zCuba
650 4 _aHomicidios políticos
_zRepública Dominicana
651 4 _aRepública Dominicana
_xPolítica y gobierno
910 _a VMateo
942 _2ddc
_cBK
999 _c13458
_d13458